000 01047cam a2200253 4500
001 ABS66861
008 030716n2003 000 0 eng u
035 _a(Sirsi) u123027
100 _aMurdoch, J.
245 _aGoing, going... gone
260 _c2003
490 _aEstates Gazette
_v(0328) 12 July 2003, 113(1)
520 _aDiscusses "Marcq v Christie Manson and Woods Ltd" ([2003] EWCA 731, Abs66753) which poses the question as to whether an auctioneer (acting in good faith) is liable in conversion or bailment to the owner where an unsold painting is returned to a prospective seller who is not the true owner. CA upheld C's claim that it had acted in good faith and dismissed claim for conversion and bailment (see also WB3921-01).
590 _aABS
650 _aMARCQ V CHRISTIE MANSON AND WOODS LTD
650 _aAUCTIONEERS
650 _aPAINTINGS
650 _aCONVERSION
650 _aBAILMENT
650 _aSTOLEN WORKS OF ART
650 _aGOOD FAITH
690 _aANTIQUES AND FINE ART-CASE LAW
942 _n0
999 _c73061
_d73061